[Event "Santa Cruz de Tenerife Primavera op"]
[Site "Santa Cruz de Tenerife"]
[Date "2019.03.27"]
[Round "8"]
[White "Molina Rodriguez, Borja"]
[Black "Lopez Pereyra, Antonio"]
[Result "1-0"]
[WhiteElo "2070"]
[BlackElo "2025"]
[PlyCount "69"]
[EventDate "2019.03.11"]
[EventType "swiss"]
[EventRounds "9"]
[EventCountry "ESP"]
[SourceTitle "CBM 190 Extra"]
[Source "ChessBase"]
[SourceDate "2019.07.15"]
[SourceVersion "1"]
[SourceVersionDate "2019.07.15"]
[SourceQuality "1"]

1. e4 c5 2. Nf3 Nc6 3. d4 cxd4 4. Nxd4 Nf6 5. Nc3 d6 6. Bg5 e6 7. Qd2 a6 8. 0-0-0 Bd7 9. f4 h6 10. Bh4 g5 11. fxg5 Ng4 12. Be2 Nge5 13. Nf3 Be7 14. Rhg1 b5 15. Kb1 b4 16. Na4 Nxf3 17. gxf3 Ne5 18. b3 Bxa4 19. bxa4 Qa5 20. f4 Ng6 21. Bg3 hxg5 22. fxg5 Rd8 23. h4 Ne5 24. h5 Qxa4 25. Bf4 Qa3 26. Rg3 Qa4 27. g6 fxg6 28. hxg6 Rg8 29. g7 Bf6 30. Bg5 Bxg5 31. Qxg5 b3 32. axb3 Qxe4 33. Bh5+ Kd7 34. Re3 Qf5 35. Rxe5 1-0

[Event "Santa Cruz de Tenerife Primavera op"]
[Site "Santa Cruz de Tenerife"]
[Date "2019.03.18"]
[Round "4"]
[White "Hidalgo Santana, Fernando"]
[Black "Molina Rodriguez, Borja"]
[Result "1/2-1/2"]
[WhiteElo "2116"]
[BlackElo "2070"]
[PlyCount "61"]
[EventDate "2019.03.11"]
[EventType "swiss"]
[EventRounds "9"]
[EventCountry "ESP"]
[SourceTitle "CBM 190 Extra"]
[Source "ChessBase"]
[SourceDate "2019.07.15"]
[SourceVersion "1"]
[SourceVersionDate "2019.07.15"]
[SourceQuality "1"]

1. e4 c5 2. c3 Nf6 3. e5 Nd5 4. d4 cxd4 5. Nf3 Nc6 6. cxd4 d6 7. Be2 e6 8. 0-0 Be7 9. a3 Qc7 10. Re1 Bd7 11. Bd3 Rc8 12. Bd2 dxe5 13. dxe5 b5 14. Qe2 b4 15. Qe4 Rb8 16. Qg4 g6 17. Bh6 bxa3 18. bxa3 Rb3 19. Qc4 Na5 20. Qxc7 Nxc7 21. Be4 Nd5 22. Nd4 Rb6 23. Bxd5 exd5 24. Nc3 Be6 25. Be3 Rb7 26. Reb1 Rxb1+ 27. Rxb1 0-0 28. Nxe6 fxe6 29. Nb5 Nc4 30. Bxa7 Nxa3 31. Nxa3 1/2-1/2

[Event "Liga Insular Gran Canaria Preferente"]
[Site "Las Palmas"]
[Date "2019.03.02"]
[Round "1.4"]
[White "Perez Bolanos, David"]
[Black "Molina Rodriguez, Borja"]
[Result "0-1"]
[WhiteElo "1832"]
[BlackElo "2070"]
[PlyCount "108"]
[EventDate "2019.03.02"]
[EventType "team-tourn"]
[EventRounds "9"]
[EventCountry "ESP"]
[SourceTitle "EXT 2021"]
[Source "ChessBase"]
[SourceDate "2020.10.23"]
[SourceVersion "1"]
[SourceVersionDate "2020.10.23"]
[SourceQuality "1"]
[WhiteTeam "Sociedad La Montana"]
[BlackTeam "Guia Univac"]
[WhiteTeamCountry "ESP"]
[BlackTeamCountry "ESP"]

1. d4 Nf6 2. c4 e6 3. Nf3 b6 4. g3 Ba6 5. Qc2 c5 6. Bg2 Nc6 7. dxc5 bxc5 8. a3 Be7 9. 0-0 0-0 10. Nbd2 Qb6 11. b3 Rab8 12. Bb2 d5 13. Rab1 Rfd8 14. Rfd1 d4 15. Ba1 Qc7 16. Ne4 Nxe4 17. Qxe4 Na5 18. Nd2 Bb7 19. Qg4 Bxg2 20. Kxg2 e5 21. Rf1 g6 22. h4 h5 23. Qe4 Qb7 24. f3 Qxe4 25. fxe4 Rb6 26. Rf3 Rdb8 27. Rd3 Nc6 28. Rf1 f6 29. Rb1 a5 30. Rf1 Kf7 31. Rff3 Ke6 32. Rf1 a4 33. Rff3 Ra6 34. Kf1 Na5 35. bxa4 Nc6 36. Rb3 Rxa4 37. Rxb8 Nxb8 38. Rb3 Nd7 39. Bb2 Bd8 40. Rb7 Kd6 41. Ke1 Kc6 42. Rb3 Ba5 43. Kd1 Bxd2 44. Kxd2 Rxc4 45. Rf3 Ra4 46. Rf2 c4 47. Kc2 Kc5 48. Rg2 c3 49. Bc1 Kc4 50. g4 Nc5 51. gxh5 gxh5 52. Rg6 Nxe4 53. Rh6 Ng3 54. Rxf6 Nxe2 0-1